| 000 | 01266nam a2200301Ia 4500 | ||
|---|---|---|---|
| 001 | ebr10450983 | ||
| 003 | CaPaEBR | ||
| 006 | m o u | ||
| 007 | cr cn||||||||| | ||
| 008 | 140403s2011 enka s 001 0 eng d | ||
| 020 | _z9781849514484 | ||
| 020 | _z9781849514491 (ebook) | ||
| 040 |
_aCaPaEBR _cCaPaEBR |
||
| 035 | _a(OCoLC)712217699 | ||
| 050 | 0 | 0 |
_aQA76.76.A65 _bC55 2013eb |
| 100 | 1 | _aMorris, Jason. | |
| 245 | 1 | 0 |
_aAndroid user interface development _h[electronic resource] : _bbeginner's guide ; quickly design and develop compelling user interfaces for your android applications / _cJason Morris. |
| 260 |
_aBirmingham, UK : _bPackt Open Source, _cc2011. |
||
| 300 |
_avi, 287 p. : _bill. |
||
| 500 | _aIncludes index. | ||
| 533 |
_aElectronic reproduction. _bPalo Alto, Calif. : _cebrary, _d2014. _nAvailable via World Wide Web. _nAccess may be limited to ebrary affiliated libraries. |
||
| 650 | 0 | _aAndroid (Electronic resource) | |
| 650 | 0 |
_aUser interfaces (Computer systems) _xDesign. |
|
| 650 | 0 |
_aApplication software _xDesign. |
|
| 655 | 7 |
_aElectronic books. _2local |
|
| 710 | 2 | _aebrary, Inc. | |
| 856 | 4 | 0 |
_uhttp://site.ebrary.com/lib/rucke/Doc?id=10450983 _zAn electronic book accessible through the World Wide Web; click to view |
| 999 |
_c138786 _d138786 |
||